|
|
|
|
| LEADER |
00000nas a2200000 a 4500 |
| 001 |
ssj0012618 |
| 003 |
WaSeSS |
| 005 |
20200512172242.0 |
| 006 |
m d |
| 007 |
cr n |
| 008 |
961018c19969999caubr p s 0 a0eng c |
| 010 |
|
|
|a 98658536
|z sn 96004890
|
| 022 |
|
|
|l 1091-3521
|y 1091-3521
|
| 035 |
|
|
|a (WaSeSS)ssj0012618
|
| 037 |
|
|
|b Kumquat Press, POB 1207, Rancho Santa Fe, CA 92067
|
| 040 |
|
|
|a NSDP
|b eng
|c NSDP
|d DLC
|d OCoLC
|d OCLCF
|d OCoLC
|d WaSeSS
|
| 042 |
|
|
|a nsdp
|a pcc
|
| 050 |
0 |
0 |
|a HG173.8
|b .K53
|
| 082 |
1 |
0 |
|a 332
|2 12
|
| 210 |
0 |
|
|a Kids' Wall Str. news
|
| 222 |
|
0 |
|a Kids' Wall Street news
|
| 245 |
0 |
0 |
|a Kids' Wall Street news
|h [electronic resource].
|
| 250 |
|
|
|a USA ed.
|
| 260 |
|
|
|a Rancho Santa Fe, CA :
|b Kids' Wall Street News
|
| 310 |
|
|
|a Bimonthly
|
| 362 |
1 |
|
|a Began in 1996.
|
| 506 |
|
|
|a License restrictions may limit access.
|
| 588 |
|
|
|a Description based on: Vol. 2, issue 1 (Mar./Apr. 1997); title from cover.
|
| 588 |
|
|
|a Latest issue consulted: Vol. 2, issue 2 (May/June 1997).
|
| 650 |
|
0 |
|a Finance
|v Periodicals
|v Juvenile literature.
|
| 650 |
|
7 |
|a Finance.
|2 fast
|0 (OCoLC)fst00924349
|
| 655 |
|
0 |
|a Electronic journals.
|
| 850 |
|
|
|a DLC
|
| 856 |
4 |
0 |
|z Full text available from Research Library: 10/01/1998 to 01/31/2000
|u https://search.proquest.com/publication/33591
|